| 000 | 00793nam a2200241Ia 4500 | ||
|---|---|---|---|
| 005 | 20251020182515.0 | ||
| 008 | 200515s9999 xx 000 0 und d | ||
| 020 | _a968-38-033-7 | ||
| 082 | _a658.56/Mc12 | ||
| 100 | _aMacDonald, John | ||
| 100 | _aPiggott, John | ||
| 245 | 0 | _aCalidad global : la nueva cultura de la administración | |
| 260 | _aMéxico, D.F. | ||
| 260 | _bPanorama Editorial | ||
| 260 | _c1993 | ||
| 300 | _bil., tbls | ||
| 500 | _a1 ejemplar | ||
| 520 | _aDiseñado para ayudar a directores y gerentes de los sectores privado y público que estén interesados en la calidad total y en el éxito futuro de sus organizaciones en un marco de apertura comercial mundial | ||
| 650 | _aADMINISTRACION | ||
| 650 | _aCALIDAD TOTAL | ||
| 942 | _cLIB | ||
| 999 |
_c1563 _d1563 |
||